<?xml version="1.0" encoding="UTF-8"?>
<collection xmlns="http://www.loc.gov/MARC21/slim">
 <record>
  <leader>01585nam a2200265 a 4500</leader>
  <controlfield tag="001">TVCDKTCT10075</controlfield>
  <controlfield tag="003">Thư viện trường Cao đẳng Kỹ thuật Cao Thắng</controlfield>
  <controlfield tag="005">20080808000000</controlfield>
  <controlfield tag="008">080808</controlfield>
  <datafield tag="980" ind1="\" ind2="\">
   <subfield code="a">Thư viện Trường CĐ Kỹ Thuật Cao Thắng</subfield>
  </datafield>
  <datafield tag="024" ind1=" " ind2=" ">
   <subfield code="a">RG_1 #1 eb0 i1</subfield>
  </datafield>
  <datafield tag="020" ind1="#" ind2="#">
   <subfield code="a">0071462023</subfield>
  </datafield>
  <datafield tag="041" ind1="0" ind2="#">
   <subfield code="a">vie</subfield>
  </datafield>
  <datafield tag="082" ind1="#" ind2="#">
   <subfield code="a">658.8 / </subfield>
   <subfield code="b">C400N-d</subfield>
  </datafield>
  <datafield tag="100" ind1="1" ind2="#">
   <subfield code="a">Allen Debbie</subfield>
  </datafield>
  <datafield tag="245" ind1="0" ind2="0">
   <subfield code="a">Confessions of Shameless Self-Promoters: Great Marketing Gurus Share Their Innovative, Proven, and Low-Cost Marketing Strategies to Maximize Your Success! /</subfield>
   <subfield code="c">Allen Debbie</subfield>
  </datafield>
  <datafield tag="250" ind1="#" ind2="#">
   <subfield code="a">In lần thứ 1</subfield>
  </datafield>
  <datafield tag="260" ind1="#" ind2="#">
   <subfield code="a">American :</subfield>
   <subfield code="b">MC Graw Hill ,</subfield>
   <subfield code="c">2005</subfield>
  </datafield>
  <datafield tag="300" ind1="#" ind2="#">
   <subfield code="a">240tr. ;</subfield>
   <subfield code="c">23 cm</subfield>
  </datafield>
  <datafield tag="520" ind1="#" ind2="#">
   <subfield code="a">Breakthrough ideas that won’t break the bank—the super-selling secrets behind Chicken Soup and other success stories! </subfield>
  </datafield>
  <datafield tag="520" ind1="#" ind2="#">
   <subfield code="a">“To be leading edge, you must be shameless. This book will show you how.”</subfield>
  </datafield>
  <datafield tag="520" ind1="#" ind2="#">
   <subfield code="a">—Mark Victor Hansen, cocreator of the Chicken Soup for the Soul series </subfield>
  </datafield>
  <datafield tag="520" ind1="#" ind2="#">
   <subfield code="a">How did Mark Victor Hansen build his Chicken Soup series into a multimillion-dollar empire? How did Jim Cathcart grow a successful business out of The Acorn Principle? This practical handbook offers a wealth of low-cost, step-by-step strategies for Internet marketing, direct mail, networking, services, products, and much more. Filled with personal success stories and specific hands-on advice, it gives you all the tools you need to take your business to the next level of success.</subfield>
  </datafield>
  <datafield tag="650" ind1="#" ind2="4">
   <subfield code="a">Self-Promoters</subfield>
  </datafield>
  <datafield tag="650" ind1="#" ind2="4">
   <subfield code="a">Marketing</subfield>
  </datafield>
 </record>
</collection>
